000 00668nas a2200241 4500
001 BR8502489
003 BR-BrBNA
005 20231205090205.0
007 ta
008 230509b bl.|||p| |||| 00| 00por d
040 _aBR-BrBNA
_bpor
_cBiblioteca Nacional de Agricultura
041 _a(Pt)
072 _aE14
100 1 _aJensen, J.L.
245 1 _aO jeito de apartar codorna briguenta [Parana]
650 _aCODORNA
650 _aGAIOLA
650 _aTECNOLOGIA APROPRIADA
650 _aPARANÁ
773 0 _tGlobo Rural (Brazil)
_xISSN 0102-6178
_g(Oct 1985), v. 1(1) p. 14
_wBR8502489
909 _a202311
_bLúcia
_c55
_dLúcia Elande
942 _2AGRIS
_n0
_cANA
999 _c116669
_d116669